First aid manual / (Record no. 9253)

MARC details
000 -LEADER
fixed length control field 00767cam a22002292 4500
001 - CONTROL NUMBER
control field 0000020287
005 - DATE AND TIME OF LATEST TRANSACTION
control field 20151217152211.0
008 - FIXED-LENGTH DATA ELEMENTS--GENERAL INFORMATION
fixed length control field 110908s xx 000 0 eng d
020 ## - INTERNATIONAL STANDARD BOOK NUMBER
International Standard Book Number 1405362146
040 ## - CATALOGING SOURCE
Original cataloging agency KABU
Transcribing agency KABU
110 2# - MAIN ENTRY--CORPORATE NAME
Corporate name or jurisdiction name as entry element St. John Ambulance.
-- 0000179630
245 10 - TITLE STATEMENT
Title First aid manual /
Statement of responsibility, etc. St. John Ambulance, St. Andrew's Ambulance Association, British Red Cross.
250 ## - EDITION STATEMENT
Edition statement Rev. 9th ed.
260 ## - PUBLICATION, DISTRIBUTION, ETC. (IMPRINT)
Place of publication, distribution, etc. London :
Name of publisher, distributor, etc. Dorling Kindersley,
Date of publication, distribution, etc. 2011.
300 ## - PHYSICAL DESCRIPTION
Extent 288 p.
650 #0 - SUBJECT ADDED ENTRY--TOPICAL TERM
Topical term or geographic name as entry element First aid in injury and illness.
-- 0000179910
710 2# - ADDED ENTRY--CORPORATE NAME
Corporate name or jurisdiction name as entry element St, Andrew's Ambulance Association.
-- 0000179911
710 2# - ADDED ENTRY--CORPORATE NAME
Corporate name or jurisdiction name as entry element British Red Cross Society.
-- 0000052330
852 1# - LOCATION
-- p810 KES
908 ## - PUT COMMAND PARAMETER (RLIN)
Put command parameter 110908
950 ## - LOCAL HOLDINGS (RLIN)
-- 1
Holdings
Withdrawn status Lost status Source of classification or shelving scheme Not for loan Home library Current library Date acquired Total Checkouts Full call number Barcode Date last seen Date last checked out Price effective from Koha item type Total Renewals
    Library of Congress Classification   Kabarak, Main Campus Kabarak, Main Campus 17/12/2015 24 RC87 .S35 2011 c. 2 21432 02/03/2020 18/02/2020 17/12/2015 General Collection  
    Library of Congress Classification   Kabarak, Main Campus Kabarak, Main Campus 17/12/2015 26 RC87 .S35 2011 c. 1 21425 03/01/2025 02/01/2025 17/12/2015 General Collection 5
Designed with assistance from East African Informatics Ltd